| 000 | 00604nam a22001817a 4500 | ||
|---|---|---|---|
| 999 |
_c172342 _d172342 |
||
| 005 | 20200824143516.0 | ||
| 010 | _aENG-127618 | ||
| 020 |
_a9789388322911 _c599.00 |
||
| 035 | _aEN-111150 | ||
| 037 | _bDBAD/PUB | ||
| 082 | _a641.5095441 | ||
| 100 | _aKhandekar,Saee Koranne | ||
| 245 |
_aPangat a feast food and love from marathi kitchens/ _bby Saee Koranne Khandekar |
||
| 260 |
_aGurugram _bHachette India _c2019 |
||
| 270 |
_bGurugram _a4th & 5th floor , corporate centre, plot no-94,sector-44 _e122003 |
||
| 300 |
_axxiv;344p. _b23cm(hb) |
||
| 942 |
_2ddc _cEN _h641.5095441 _mKHA |
||